Normal view
MARC view
- Middle East
Entry Geographic Name
001 - CONTROL NUMBER
- control field: 8086
003 - CONTROL NUMBER IDENTIFIER
- control field: OSt
005 - DATE AND TIME OF LATEST TRANSACTION
- control field: 20170525112629.0
008 - FIXED-LENGTH DATA ELEMENTS
- fixed length control field: 170525|| aca||aabn | a|a d
040 ## - CATALOGING SOURCE
- Original cataloging agency: OSt
- Transcribing agency: OSt
151 ## - HEADING--GEOGRAPHIC NAME
- Geographic name: Middle East
- General subdivision: Geography
670 ## - SOURCE DATA FOUND
- Source citation: Work cat.: (OSt)0: Held, Colbert C. 8085, Middle East patterns :, 1989

PORTAL AKMAL
E-MEL JKDM
AKMAL2U
G-BAM
u-PUSTAKA